Robotic Fingers in Reach-to-Grasp Tasks of Rehabilitation

The REHAROB robotic upper limb rehabilitation system was improved with a custom-designed and developed hand/finger therapy module. The new module extends the scope of the applicable motion therapy from passive to active reach-to-grasp activities of daily living tasks, and the range of treated anatom...

Teljes leírás

Elmentve itt :
Bibliográfiai részletek
Szerzők: Tavaszi Ibolya
Tóth András
Pilissy Tamás
Bauer Márk Ottó
Hodosán Zsolt
Stépán Gábor
Magyar Bálint
Fazekas Gábor
Dokumentumtípus: Cikk
Megjelent: 2022
Sorozat:PERIODICA POLYTECHNICA-MECHANICAL ENGINEERING 66 No. 4
Tárgyszavak:
doi:10.3311/PPme.17484

mtmt:33122610
Online Access:http://publicatio.bibl.u-szeged.hu/35213
LEADER 02447nab a2200313 i 4500
001 publ35213
005 20241125125243.0
008 241125s2022 hu o 000 eng d
022 |a 0324-6051 
024 7 |a 10.3311/PPme.17484  |2 doi 
024 7 |a 33122610  |2 mtmt 
040 |a SZTE Publicatio Repozitórium  |b hun 
041 |a eng 
100 1 |a Tavaszi Ibolya 
245 1 0 |a Robotic Fingers in Reach-to-Grasp Tasks of Rehabilitation  |h [elektronikus dokumentum] /  |c  Tavaszi Ibolya 
260 |c 2022 
300 |a 273-281 
490 0 |a PERIODICA POLYTECHNICA-MECHANICAL ENGINEERING  |v 66 No. 4 
520 3 |a The REHAROB robotic upper limb rehabilitation system was improved with a custom-designed and developed hand/finger therapy module. The new module extends the scope of the applicable motion therapy from passive to active reach-to-grasp activities of daily living tasks, and the range of treated anatomical joints was also extended to every proximal and distal upper limb anatomical joint. Finger exercising and object grasping are supported with a pair of two degree-of-freedom (DOF) robotic fingers. One of the robotic fingers moves the index/middle/ring fingers together, whereas the other robotic finger moves the thumb. A novel hypothesis was established, analyzed, and tested for setting the orientation of the robotic finger moving the thumb. The robotic thumb is not aligned with the patient's thumb; its orientation is optimized in the patient's hand reference system to maximize the efficiency in the opposite grasping task. While most concurrent systems utilize virtual objects for grasping tasks, the REHAROB system exercises five carefully selected reach-and-grasp type activities of daily living (ADL) with real objects. Actuating the human finger phalanges through custom development finger orthoses is described. An advanced feature of the hand/finger therapy module is the left-right hand side changeover by only alternating the orientation of the robotic fingers and exchanging the finger orthoses. 
650 4 |a Villamosmérnöki és informatikai tudományok 
650 4 |a Egészségtudományok 
700 0 1 |a Tóth András  |e aut 
700 0 1 |a Pilissy Tamás  |e aut 
700 0 1 |a Bauer Márk Ottó  |e aut 
700 0 1 |a Hodosán Zsolt  |e aut 
700 0 1 |a Stépán Gábor  |e aut 
700 0 1 |a Magyar Bálint  |e aut 
700 0 1 |a Fazekas Gábor  |e aut 
856 4 0 |u http://publicatio.bibl.u-szeged.hu/35213/1/33122610.pdf  |z Dokumentum-elérés